Marketing /

Marketing trong kinh doanh và doanh nghiệp; Hệ thống thông tin và nghiên cứu marketing phục vụ kinh doanh; Ảnh hưởng của môi trường kinh doanh tới hoạt động marketing của doanh nghiệp; Hành vi khách hàng và định hướng hoạt động marketing của doanh nghiệp; Phân đoạn thị trường, lựa chọn thị trường mụ...

Täydet tiedot

Tallennettuna:
Bibliografiset tiedot
Päätekijä: Trần Minh Đạo, PGS.PTS. (chủ biên.)
Aineistotyyppi: Kirja
Kieli:Vietnamese
Julkaistu: Hà Nội : Thống kê, 2003.
Painos:Tái bản lần 3.
Aiheet:
Tagit: Lisää tagi
Ei tageja, Lisää ensimmäinen tagi!
Thư viện lưu trữ: Mạng thư viện Đại học Đà Nẵng
LEADER 01649cam a2200361 a 4500
001 000043933
003 2067
005 20060420152409.0
008 010217b2003 vm 000 vie
020 |c 20000 
040 |a LRC  |c LRC  |d LRC 
041 0 |a vie 
082 1 4 |a 658.8  |b TR-Đ 
100 1 |a Trần Minh Đạo,  |c PGS.PTS.,  |e chủ biên. 
245 1 0 |a Marketing /  |c Trần Minh Đạo chủ biên. 
250 |a Tái bản lần 3. 
260 |a Hà Nội :  |b Thống kê,  |c 2003. 
300 |a 308 tr. ;  |c 20,5 cm. 
520 3 |a Marketing trong kinh doanh và doanh nghiệp; Hệ thống thông tin và nghiên cứu marketing phục vụ kinh doanh; Ảnh hưởng của môi trường kinh doanh tới hoạt động marketing của doanh nghiệp; Hành vi khách hàng và định hướng hoạt động marketing của doanh nghiệp; Phân đoạn thị trường, lựa chọn thị trường mục tiêu và định vị hàng hoá của doanh nghiệp; Kế hoạch hoá hoạt động marketing trong kinh doanh của doanh nghiệp; Chiến lược sản phẩm - hàng hoá.. 
630 0 4 |a Marketing. 
650 0 4 |a Marketing. 
OWN |a DUT 
AVA |a UDN50  |b DUT  |c Book  |d 658.8 TR-Đ  |e available  |t Error 5001 Not defined in file expand_doc_bib_avail.  |f 5  |g 3  |h N  |i 4  |j SH  |k 1 
999 |a From the UDN01 
AVA |a UDN50  |b DUT  |c Book  |d 658.8 TR-Đ  |e available  |t Error 5001 Not defined in file expand_doc_bib_avail.  |f 5  |g 3  |h N  |i 4  |j SH  |k 1 
TYP |a Monograph 
TYP |a Printed language 
980 |a Mạng thư viện Đại học Đà Nẵng